Na čo má byť Smart Industry
Ak sa má v súvislosti s Industry 4.0 používať prívlastok smart, malo by riešenie priniesť jednoduchšie.
Salvato in:
| Autore principale: | |
|---|---|
| Natura: | Capitolo di libro |
| Lingua: | slovacco |
| Soggetti: | |
| Tags: |
Nessun Tag, puoi essere il primo ad aggiungerne!!
|
MARC
| LEADER | 00000naa a2200000 4500 | ||
|---|---|---|---|
| 001 | 0237743 | ||
| 005 | 20171130064028.3 | ||
| 041 | 0 | |a slo | |
| 044 | |a SK | ||
| 245 | 1 | 0 | |a Na čo má byť Smart Industry |c Nikoleta Janková |
| 520 | |a Ak sa má v súvislosti s Industry 4.0 používať prívlastok smart, malo by riešenie priniesť jednoduchšie. | ||
| 610 | 2 | 0 | |a priemysel 4.0 |
| 610 | 2 | 0 | |a technológie nové |
| 610 | 2 | 0 | |a digitalizácia |
| 610 | 2 | 0 | |a úspory pracovníkov |
| 610 | 2 | 0 | |a úspory energie |
| 610 | 2 | 0 | |a úspory finančné |
| 100 | 1 | |a Janková, Nikoleta | |